Sports Quiz

Random Sports or NBA Quiz
Score 0/14 Timer 01:30
44 Plays Today
% Correct
Michael Jordan
92.3%
LeBron James
91.9%
Kareem Abdul-Jabbar
88.7%
Magic Johnson
86.1%
Giannis Antetokounmpo
85%
Stephen Curry
84.1%
Bill Russell
81.5%
% Correct
Wilt Chamberlain
79.5%
Larry Bird
78.5%
Steve Nash
75.7%
Tim Duncan
73%
Karl Malone
55.3%
Moses Malone
49.4%
Bob Pettit
42.5%
Remove Ads.
Support Sporcle.
Get the best of Sporcle when you Go Orange. This ad-free experience offers more features, more stats, and more fun while also helping to support Sporcle. Thank you for becoming a member.

You're not logged in!

Compare scores with friends on all Sporcle quizzes.
OR
Log In

Show Comments

Extras

Top Quizzes Today


Score Distribution

Your Account Isn't Verified!

In order to create a playlist on Sporcle, you need to verify the email address you used during registration. Go to your Sporcle Settings to finish the process.

Report this User

Report this user for behavior that violates our Community Guidelines.

Details: